000 00500nam a2200169 i 4500
001 24829
003 ES-MaACL
005 20231226204141.0
007 t|
008 021219m19441945sp ||||1| spa d
245 0 0 _aAntología de la poesía hispanoamericana /
_cLeopoldo Panero.
260 _aMadrid :
_bEditora Nacional,
_c1944-45 (
_fImp. Sèz)
300 _a2 v. ;
_c23 cm.
700 1 _aPanero, Leopoldo,
_d1909-1962
_988766
852 _aES-MaACL
_jE-2137-38
_bR.21451
999 _c24829
_d24829